000 00431nam a2200157Ia 4500
008 140424s9999 xx 000 0 und d
100 _aRiji Raj Y (92211015)
245 _aExtreme learning machine
502 _bMSCS
502 _c2011-2013
502 _dInternal
502 _fRaju K George (IIST)
502 _g"Indian Institute of Space Science and Technology, Trivandrum"
650 _aALGORITHM
650 _aNEURAL NETWORKS
999 _c4343
_d4343